Paleontology of the Coalinga district, Fresno and Kings counties, California. (Record no. 24891)

MARC details
000 -LEADER
fixed length control field 00779cam a22002531 4500
001 - CONTROL NUMBER
control field gs 10000006
003 - CONTROL NUMBER IDENTIFIER
control field DLC
005 - DATE AND TIME OF LATEST TRANSACTION
control field 20260227111309.0
008 - FIXED-LENGTH DATA ELEMENTS--GENERAL INFORMATION
fixed length control field 720329s1909 dcuf f000 0 eng
010 ## - LIBRARY OF CONGRESS CONTROL NUMBER
LC control number gs 10000006
035 ## - SYSTEM CONTROL NUMBER
System control number (OCoLC)272461
040 ## - CATALOGING SOURCE
Original cataloging agency DLC
Transcribing agency ODaWU
Modifying agency DLC
043 ## - GEOGRAPHIC AREA CODE
Geographic area code n-us-ca
050 00 - LIBRARY OF CONGRESS CALL NUMBER
Classification number QE75
Item number .B9 no. 396
051 ## - LIBRARY OF CONGRESS COPY, ISSUE, OFFPRINT STATEMENT
Classification number QE747.C2
Item number A74
100 1# - MAIN ENTRY--PERSONAL NAME
Personal name Arnold, Ralph,
Dates associated with a name 1875-1961.
245 10 - TITLE STATEMENT
Title Paleontology of the Coalinga district, Fresno and Kings counties, California.
260 ## - PUBLICATION, DISTRIBUTION, ETC.
Place of publication, distribution, etc. Washington,
Name of publisher, distributor, etc. Govt. Print. Off.,
Date of publication, distribution, etc. 1909.
300 ## - PHYSICAL DESCRIPTION
Extent 173 p.
410 20 - SERIES STATEMENT/ADDED ENTRY--CORPORATE NAME [OBSOLETE, CAN/MARC], [LOCAL, USA]
Corporate name or jurisdiction name as entry element Geological Survey (U.S.)
Title of a work Bulletin
Volume number/sequential designation 396
504 ## - BIBLIOGRAPHY, ETC. NOTE
Bibliography, etc. note Bibliography: p. 6-7.
650 #0 - SUBJECT ADDED ENTRY--TOPICAL TERM
Topical term or geographic name entry element Paleontology
Geographic subdivision California
-- Fresno County.
650 #0 - SUBJECT ADDED ENTRY--TOPICAL TERM
Topical term or geographic name entry element Paleontology
Geographic subdivision California
-- Kings County.

No items available.

Powered by Koha